| 000 | 02025nam a2200553 i 4500 | ||
|---|---|---|---|
| 001 | 6434 | ||
| 003 | KOSZ 005 | ||
| 005 | 20220422122237.0 | ||
| 008 | 970629s1993 pl a f f |001 0 pol | ||
| 015 | _aUWD 1993/10347 | ||
| 020 | _a8320808782 | ||
| 020 | _a8320809231 | ||
| 035 | _a991000786939705066 | ||
| 035 | _a(PL-WaBN)b10248730-48omnis_nlop | ||
| 035 | _ab10248730 | ||
| 035 | _a(OCoLC)830055241 | ||
| 035 | _azz2003926256 | ||
| 035 | _a(PL)b0000001024873 | ||
| 035 | _a(EXLNZ-48OMNIS_NETWORK)9910364373005606 | ||
| 040 |
_aWA N _cWA N _dKOSZ 005/HR |
||
| 041 | 1 |
_apol _heng |
|
| 046 | _k1987 | ||
| 080 | _a330.101.542 | ||
| 080 | _a(075.8) | ||
| 100 | 1 |
_aBegg, David K. H. _eAutor |
|
| 245 | 1 | 0 |
_aEkonomia. _n[T. 1, _pMikroekonomia] / _cDavid Begg [oraz] Stanley Fischer, Rudiger Dornbusch ; red. nauk. Ryszard Rapacki ; tł. [z ang.] ; red. nauk. Bogusław Czarny, Zbigniew Matkowski, Ryszard Rapacki ; tł. B. Czarny [et al.]. |
| 246 | 1 |
_iTyt. oryg.: _aEconomics, _f1987 |
|
| 260 |
_aWarszawa : _bPaństwowe Wydawnictwo Ekonomiczne, _c1993. |
||
| 300 |
_a576 s. : _bwykr. ; _c24 cm. |
||
| 336 |
_aTekst _btxt _2rdacontent |
||
| 337 |
_aBez urządzenia pośredniczącego _bn _2rdamedia |
||
| 338 |
_aWolumin _bnc _2rdacarrier |
||
| 380 | _aKsiążki | ||
| 388 | _a1901-2000 | ||
| 388 | _a1989-2000 | ||
| 504 | _aIndeks. | ||
| 650 | 7 |
_aMikroekonomia _2DBN |
|
| 655 | 7 |
_aPodręczniki akademickie _2DBN |
|
| 658 | _aGospodarka, ekonomia, finanse | ||
| 700 | 1 |
_aCzarny, Bogusław _d(1957- ) _eTłumaczenie |
|
| 700 | 1 |
_aDornbusch, Rudiger _d(1942-2002) _eAutor |
|
| 700 | 1 |
_aFischer, Stanley _d(1943- ) _eAutor |
|
| 700 | 1 |
_aMatkowski, Zbigniew _d(1941- ) _eRedakcja |
|
| 700 | 1 |
_aRapacki, Ryszard _d(1949- ) _eRedakcja |
|
| 710 | 2 |
_aPolskie Wydawnictwo Ekonomiczne _4pbl |
|
| 856 |
_uhttp://koha.tu.koszalin.pl/cgi-bin/koha/opac-detail.pl?biblionumber=6434 _yKatalog online BPK |
||
| 942 |
_2UKD _cKS |
||
| 999 |
_c6434 _d6434 |
||